000 00906nas a2200289 4500
001 BR2014002737
003 BR-BrBNA
005 20231205123945.0
007 ta
008 230509b bl.|||p| |||| 00| 00por d
040 _aBR-BrBNA
_bpor
_cBiblioteca Nacional de Agricultura
041 _a(Pt)
072 _aP35
100 1 _aSouza, R.F. de
100 1 _aFaquin, V.
100 1 _aAndrade, A.T. de
100 1 _aTorres, P.R.F.
245 1 _aFormas de fósforo em solos sob influência da calagem e adubação orgânica
650 _aFERTILIDADE DO SOLO
650 _aCALAGEM
650 _aADUBO ORGÂNICO
650 _aFÓSFORO
773 0 _tRevista Brasileira de Ciência do Solo (Brazil)
_xISSN 0100-0683
_g(Nov-Dec 2007), v. 31(6) p. 1535-1544
_wBR2014002737
856 4 0 _uhttp://www.scielo.br/pdf/rbcs/v31n6/30.pdf
909 _a202311
_bLúcia
_c55
_dLúcia Elande
942 _2AGRIS
_n0
_cANA
999 _c236599
_d236599